Astronomy Quiz - Statistics

General Stats
  • This quiz has been taken 65 times
  • The average score is 13 of 23
Answer Stats
Hint Answer % Correct
Which planet is the tallest mountain located? Mars
96%
What is the hottest planet in our solar system? Venus
96%
What is the closest galaxy to ours? Andromeda
93%
What is the closest planet to the sun? Mercury
93%
Is Pluto a planet? No
91%
What does lunar refer to? Moon
89%
What is Saturn's biggest moon? Titan
78%
What does stellar refer to? Star
74%
How many planets have rings? 4
70%
What is the biggest moon in our galaxy? Ganymede
70%
What word is used to call the death of a star? Supernova
63%
What is the biggest asteroid in the asteroid belt and solar system? Ceres
57%
The Galilean moons are Callisto, Ganymede, Io and ... Europa
57%
What is the tallest mountain in the solar system? Olympus Mons
54%
What is pluto's biggest moon which is half of its size? Charon
50%
What type of star is Proxima Centauri? Red Dwarf
43%
Neptune's biggest moon is ... Triton
43%
What type of star is our sun? Yellow Dwarf
43%
When did the big bang occur according to scientists? 13.8 Billion years ago
22%
What is Uranus's axial tilt? 98 degrees
11%
What is the closest star system to our solar system? Alpha Centauri System
11%
How long does light take to reach Earth? 8.3min
2%
How long will red dwarves live for? trillions of years
0%
No matching quizzes found
Score Distribution
Percent of People with Each Score
Percentile by Number Answered
Your Score History
You have not taken this quiz